[Event "Fajr op 18th"]
[Site "Mashhad"]
[Date "2010.02.21"]
[Round "2"]
[White "Khojasteh, M."]
[Black "Abbasov, Farid"]
[Result "0-1"]
[WhiteElo "2059"]
[BlackElo "2553"]
[PlyCount "72"]
[EventDate "2010.02.20"]
[EventType "swiss"]
[EventRounds "11"]
[EventCountry "IRI"]
[SourceTitle "CBM 135 Extra"]
[Source "ChessBase"]
[SourceDate "2010.05.04"]
[SourceVersion "1"]
[SourceVersionDate "2010.05.04"]
[SourceQuality "1"]

1. e4 c5 2. b3 Nc6 3. Bb2 e6 4. Bb5 Nd4 5. Bxd4 cxd4 6. Nf3 Nf6 7. e5 Nd5 8. 0-0 Bc5 9. c3 dxc3 10. Nxc3 Nxc3 11. dxc3 0-0 12. Qc2 Be7 13. Rad1 Qc7 14. Rd4 d6 15. Bd3 dxe5 16. Bxh7+ Kh8 17. Rc4 Qb8 18. Re1 f5 19. Bg6 e4 20. Nd4 Rf6 21. Qe2 Rxg6 22. Qh5+ Rh6 23. Qe8+ Kh7 24. Qxe7 Qxh2+ 25. Kf1 e5 26. Nb5 Be6 27. Rc7 Qh1+ 28. Ke2 Qxg2 29. Nd6 Rg8 30. Ne8 f4 31. Nf6+ Rxf6 32. Qxf6 Bg4+ 33. Kd2 Qxf2+ 34. Kc1 Qxe1+ 35. Kb2 Qf2+ 36. Kb1 e3 0-1